• 首页
  • 本馆介绍
  • 公告通知
  • 最新文献
  • 馆藏检索
  • 电子资源
  • 读者导购
  • 参考咨询
  • 我的图书馆
  • 登录
  • 详细信息显示
  • 放入我的书架
  • 预约/预借图书
  • 作者相关作品
  • 分类相关作品
  • 丛书相关作品
  • 出版社相关作品

书目信息

  • 表格格式
  • 工作单格式
  • 卡片格式
题名:
大学生健康教育与常用急救技术
    
 
作者: 张孟丽 著
分册:  
出版信息: 北京   中国纺织出版社  2018.07
页数: 255页
开本: 24cm
丛书名:
单 册:
中图分类: G647.9 , R459.7
科图分类:
主题词: 大学生--da xue sheng--健康教育 , 急救--ji jiu--基本知识
电子资源:
ISBN: 978-7-5180-1572-6
000 01012nam0 2200253 450
001 1956314571
005 20180408102719.1
010    @a978-7-5180-1572-6@dCNY 70.00
100    @a20180404d2018 em y0chiy50 ea
101 0  @achi
102    @aCN@b110000
105    @aak a 000yy
200 1  @a大学生健康教育与常用急救技术@Ada xue sheng jian kang jiao yu yu chang yong ji jiu ji shu@f张孟丽著
210    @a北京@c中国纺织出版社@d2018.07
215    @a255页@c图@d24cm
320    @a有书目 (第253-255页)
330    @a本书主要围绕大学生健康教育与常用急救技术展开研究, 具体探讨研究了大学生的身心健康现状、生理健康教育、常见疾病与治疗、心理健康教育、体育运动与健康促进、生存安全教育、常用急救技术与常见运动损伤等方面内容, 为大学生的健康全面发展与安全生存提供了科学的理论与实践指导。
606 0  @a大学生@Ada xue sheng@x健康教育
606 0  @a急救@Aji jiu@x基本知识
690    @aG647.9@v5
690    @aR459.7@v5
701  0 @a张孟丽@Azhang meng li@4著
801  0 @aCN@b人天书店@c20180404
905    @aBZT@dG647.9@e6
    
    大学生健康教育与常用急救技术/张孟丽著.-北京:中国纺织出版社,2018.07
    255页:图;24cm
    
    
    ISBN 978-7-5180-1572-6:CNY 70.00
    本书主要围绕大学生健康教育与常用急救技术展开研究, 具体探讨研究了大学生的身心健康现状、生理健康教育、常见疾病与治疗、心理健康教育、体育运动与健康促进、生存安全教育、常用急救技术与常见运动损伤等方面内容, 为大学生的健康全面发展与安全生存提供了科学的理论与实践指导。
●
相关链接 在五车中查询图书 在当当中查询图书 在豆瓣中查询图书


正题名:大学生健康教育与常用急救技术     索取号:G647.9/6         预约/预借

序号 登录号 条形码 馆藏地/架位号 状态 备注
1 862811   2000862811   第二书库/ [索取号:G647.9/6] 在馆    
2 862812   2000862812   第二书库/ [索取号:G647.9/6] 在馆    
3 862813   2000862813   第二书库/ [索取号:G647.9/6] 在馆    
山东省滨州职业学院图书馆 欢迎您!
大连网信软件有限公司© 版权所有